Trasparencia
محفوظ في:
| المؤلف الرئيسي: | |
|---|---|
| التنسيق: | كتاب |
| اللغة: | الإسبانية |
| منشور في: |
Santiago
Imprenta Chile
1950
|
| الموضوعات: | |
| الوسوم: |
إضافة وسم
لا توجد وسوم, كن أول من يضع وسما على هذه التسجيلة!
|
MARC
| LEADER | 00000nam a2200000 a 4500 | ||
|---|---|---|---|
| 001 | UCZ8990 | ||
| 003 | CL-VaPUC | ||
| 008 | 960126e19500000CL |||||||||||||||||spa|d | ||
| 082 | 0 | 4 | |a Ch861 |b DON |2 21 |
| 100 | 0 | |a Donoso G., Francisco |e author |9 354254 | |
| 245 | 1 | 0 | |a Trasparencia |
| 300 | |a 108 p | ||
| 942 | |c BK | ||
| 945 | |d 19960126 00:00:00 |a rleighto | ||
| 260 | |a Santiago |b Imprenta Chile |c 1950 | ||
| 650 | 0 | |a Poesías chilenas |9 265280 | |
| 583 | |a last modification |c 19960126 00:00:00 |k Rodrigo Vera | ||
| 999 | |c 244638 |d 244636 | ||
| 952 | |0 0 |1 0 |4 0 |6 CH_861_000000000000000_DON_1950 |7 0 |8 A |9 258782 |a BIBEDU |b BIBEDU |d 2019-11-19 |i 3173801 |o Ch861 DON 1950 |p 3173801 |r 2019-11-19 |w 2019-11-19 |y BK |k LIT | ||
| 952 | |0 0 |1 0 |4 0 |6 CH_861_000000000000000_DON_1950 |7 0 |8 X |9 258783 |a FDOBUD |b FDOBUD |d 2019-11-19 |i 4407253 |o Ch861 DON 1950 |p 4407253 |r 2019-11-19 |w 2019-11-19 |y BK_X |k BUD | ||